000 01147nam a2200313 i 4500
003 EG-GICUC
005 20260507224446.0
008 251204r19911990ua ||||fr|||| 00| 0 ara d
040 _a EG-GICUC
_bara
_c EG-GICUC
_d EG-GICUC
_erda
041 0 _aara
082 0 4 _221
_a343.6
_bح س . و
092 0 4 _221
099 _aLaw1 10 343.6 ح س . و 1991
100 0 _aحسنين إبراهيم صالح عبيد
_eمؤلف.
245 1 2 _aالوجيز في علم الإجرام وعلم العقاب /
_cدكتور حسنين إبراهيم صالح عبيد.
264 1 _aالقاهرة :
_bدار النهضة العربية،
_c1991.
300 _a338 صفحة ؛
_c24 سم.
336 _2rda content
_atext
337 _2rda media
_aComputer
338 _2rda carrier
_aOnline Resource
504 _a. 240-220 ببليوجرافيا: صفحات.
546 _aالنص باللغة العربية
650 1 4 _aعلم الإجرام
_2qrmak
650 1 4 _aالقانون الجنائي
_2qrmak
651 1 _2qrmak
856 4 0 _uhttps://fll.law.cu.edu.eg/fulltext/bks/B10-05523.pdf
905 _a77
_eHassnaa
942 _2ddc
_cBK
_e21
_n0
999 _c48306
_d48306